La Comunidad Europea y sus vecinos del este

Guardat en:
Dades bibliogràfiques
Autor corporatiu: Comisión de las Comunidades Europeas (Autor)
Format: Llibre
Idioma:espanyol
Publicat: Luxemburgo Oficina de Publicaciones Oficiales de las Comunidades Europeas 1991
Col·lecció:Documentacion Europea
Matèries:
Etiquetes: Afegir etiqueta
Sense etiquetes, Sigues el primer a etiquetar aquest registre!

MARC

LEADER 00000nam a2200000 a 4500
001 UCY1073
003 CL-VaPUC
008 940820e19910000LU |||||||||||||||||spa|d
082 0 4 |a 382.914  |b COM  |2 21 
110 2 |a Comisión de las Comunidades Europeas  |e author  |9 328937 
245 1 3 |a La Comunidad Europea y sus vecinos del este 
300 |a 37 p 
942 |c BK 
945 |d 19940820 00:00:00  |a oaravena 
260 |a Luxemburgo  |b Oficina de Publicaciones Oficiales de las Comunidades Europeas  |c 1991 
650 7 |a COMUNIDADES EUROPEAS  |2 CL-VaPUC  |9 320736 
583 |a last modification  |c 20120821 07:23:55  |k Rodrigo Vera 
490 0 |a Documentacion Europea 
999 |c 229877  |d 229875 
952 |0 0  |1 0  |4 0  |6 382_914000000000000_COM_1991  |7 0  |8 A  |9 231588  |a BIBENE  |b BIBENE  |d 2019-11-15  |i 2950847  |o 382.914 COM 1991  |p 2950847  |r 2025-01-15  |w 2019-11-15  |y BK  |k ICO